Las Reales Sociedades Económicas de Amigos del País y su obra (Record no. 130080)

MARC details
000 -LEADER
campo de control de longitud fija 00811nam a2200193 4500
001 - NÚMERO DE CONTROL
campo de control 130080
003 - IDENTIFICADOR DE NÚMERO DE CONTROL
campo de control ES-MaACL
005 - FECHA Y HORA DE LA ÚLTIMA TRANSACCIÓN
campo de control 20230906193633.0
007 - CAMPO FIJO DE DESCRIPCIÓN FÍSICA--INFORMACIÓN GENERAL
campo de control de longitud fija t|
008 - DATOS DE LONGITUD FIJA--INFORMACIÓN GENERAL
campo de control de longitud fija 180707s1972 sp a |||| | spa d
080 ## - NÚMERO DE LA CLASIFICACIÓN DECIMAL UNIVERSAL
Número de la Clasificación Decimal Universal 061.62(464.1 M.)Patr. José M. Quadrado
080 ## - NÚMERO DE LA CLASIFICACIÓN DECIMAL UNIVERSAL
Número de la Clasificación Decimal Universal 061.236.3(46)(04)
110 2# - ENTRADA PRINCIPAL--NOMBRE DE ENTIDAD CORPORATIVA
Nombre de entidad corporativa o nombre de jurisdicción como elemento de entrada Patronato José María Quadrado.
Unidad subordinada Pleno (
Fecha del congreso o de la firma del tratado 1971.
Sede del congreso/Lugar de la reunión San Sebastián)
9 (RLIN) 6184
245 14 - MENCIÓN DEL TÍTULO
Título Las Reales Sociedades Económicas de Amigos del País y su obra
Resto del título : comunicaciones presentadas en el Pleno de la Asamblea celebrado en San Sebastián los días 9 al 11 de diciembre de 1971.
260 ## - PUBLICACIÓN, DISTRIBUCIÓN, ETC.
Lugar de publicación, distribución, etc. San Sebastián :
Nombre del editor, distribuidor, etc. Patronato José María Quadrado,
Fecha de publicación, distribución, etc. 1972.
300 ## - DESCRIPCIÓN FÍSICA
Extensión 480 p :
Otras características físicas grab. ;
Dimensiones 24 cm.
650 14 - PUNTO DE ACCESO ADICIONAL DE MATERIA--TÉRMINO DE MATERIA
Término de materia o nombre geográfico como elemento de entrada Sociedades económicas de amigos del país-
Subdivisión geográfica España.
9 (RLIN) 147802
852 ## - LOCALIZACIÓN
Ubicación ES-MaACL
Número de control de estantería C-49243
Holdings
Estatus retirado Estado de pérdida Estado de daño No para préstamo Biblioteca de origen Biblioteca actual Ubicación en estantería Fecha de adquisición Fuente de adquisición Total de préstamos Signatura topográfica completa Código de barras Visto por última vez Precio de reemplazo Tipo de ítem Koha
        Biblioteca del Ateneo de Madrid Biblioteca del Ateneo de Madrid Depósito 2 17/01/2008     C-49243 1135447 23/02/2023 23/02/2023 Libro impreso